000 00524nmm a2200169Ia 4500
008 251105s9999||||xx |||||||||||||||||und||
020 _a9789587713466
041 _aspa
100 _aLerma, Héctor
245 0 _aMetodología de la investigación : propuesta, anteproyecto y proyecto (5a ed.)
264 _a[Bogotá, Colombia] :
_bEcoe Ediciones,
_c2016
300 _a192 páginas
490 _aEducación y pedagogía
650 _aEducation
856 _uhttps://public.digitaliapublishing.com/a/47180
942 _cCF
999 _c96208
_d96208